000 00451nam a2200193Ia 4500
005 20250423094335.0
008 250422s9999 xx 000 0 und d
020 _a978-81-8281-165-2
050 _aHB 171.5 .J45/
100 _aJhingan, M. L.
245 0 _aAdvanced Economics Thory
250 _a39th
260 _aNew Delhi
260 _bVrinda Publication
260 _c2009
300 _a1026 p
650 _aEconomic Theory
942 _cBK
999 _c26956
_d26956